Les municipalités de la MRC de Brome-Missisquoi en Estrie - Statistiques

Statistiques générales
  • Ce quiz a été pris 14 fois
  • Le résultat moyen est 8 sur 21
Statistiques - réponses
Population (hab) Désignation Municipalité % Correct
11 279 V Bromont
100%
600 M East Farnham
100%
15 721 V Cowansville
67%
3 652 V Dunham
67%
10 581 V Farnham
67%
5 908 V Lac-Brome
67%
4 329 V Sutton
67%
353 VL Abercorn
33%
2 652 V Bedford
33%
723 CT Bedford
33%
660 M Bolton-Ouest
33%
2 352 M Brigham
33%
299 VL Brome
33%
670 M Notre-Dame-de-Stanbridge
33%
1 266 M Saint-Armand
33%
1 252 M Frelighsburg
0%
544 M Pike River
0%
1 129 M Sainte-Sabine
0%
752 M Saint-Ignace-de-Stanbridge
0%
865 M Stanbridge East
0%
279 M Stanbridge Station
0%
Aucun quiz correspondant
Distribution des résultats
% des personnes avec chaque résultat
Percentile par nombre de réponses
Votre historique - résultats
Vous n’avez pas pris ce quiz